000 00585nam a22001937a 4500
003 OSt
005 20260115030801.0
008 260115b |||||||| |||| 00| 0 eng d
020 _a1-582-79-341-7.
040 _aDWCL-Main lib
_cOC
082 _22002 edition
_aGR. 641.5 H412q 2002
100 _aHay, Donna
245 _aQuick and easy pizzas and pasta 2002 ed.
_cHay, Donna
260 _aUSA :
_bTrident Reference Publishing,
_cc2002.
300 _a80 pages :
_bcolored illustration ;
_c28 cm.
650 _21. Cooking.
700 _aBacon, Quentin
942 _2ddc
_cGR
_e2002 ed.
_kGR.
_n0
999 _c7410
_d7410